LEGO Animal Crossing sets by picture - Statistics

General Stats
  • This quiz has been taken 15 times
  • The average score is 5 of 7
Answer Stats
Picture Answer % Correct
Julian's Birthday Party
83%
Nook's Cranny & Rosie's House
75%
Fly with Dodo Airlines
67%
Bunnie's Outdoor Activities
58%
Isabelle's House Visit
58%
K.K.'s Concert at the Plaza
58%
Kapp'n's Island Boat Tour
50%
No matching quizzes found
Score Distribution
Percent of People with Each Score
Percentile by Number Answered
Your Score History
You have not taken this quiz